The Science of hardness testing and its research applications / (Record no. 156109)
[ view plain ]
| 000 -LEADER | |
|---|---|
| fixed length control field | 01094cam8a220026500 4500 |
| 001 - CONTROL NUMBER | |
| control field | lce00789653 |
| 008 - FIXED-LENGTH DATA ELEMENTS--GENERAL INFORMATION | |
| fixed length control field | 740923s1973 ohua b 101 0 eng |
| 010 ## - LIBRARY OF CONGRESS CONTROL NUMBER | |
| LC control number | 72095851 //r86 |
| 035 ## - SYSTEM CONTROL NUMBER | |
| System control number | (Sirsi) r58623 |
| 035 ## - SYSTEM CONTROL NUMBER | |
| System control number | (DLC) 72095851 //r86 |
| 035 ## - SYSTEM CONTROL NUMBER | |
| System control number | (UPRA)lce00789653 |
| 040 ## - CATALOGING SOURCE | |
| Modifying agency | UPRA |
| 050 0# - LIBRARY OF CONGRESS CALL NUMBER | |
| Classification number | TA418.42 |
| Item number | .S28 |
| 082 ## - DEWEY DECIMAL CLASSIFICATION NUMBER | |
| Classification number | 620.1/126 |
| 245 04 - TITLE STATEMENT | |
| Title | The Science of hardness testing and its research applications / |
| Statement of responsibility, etc. | edited by J.H. Westbrook and H. Conrad. |
| 260 ## - PUBLICATION, DISTRIBUTION, ETC. | |
| Place of publication, distribution, etc. | Metals Park, OH : |
| Name of publisher, distributor, etc. | American Society for Metals, |
| Date of publication, distribution, etc. | [c1973] |
| 500 ## - GENERAL NOTE | |
| General note | Based on papers presented at a symposium of the American Society for Metals, Oct. 18-20, 1971. |
| 504 ## - BIBLIOGRAPHY, ETC. NOTE | |
| Bibliography, etc. note | Includes bibliographical references. |
| 650 #0 - SUBJECT ADDED ENTRY--TOPICAL TERM | |
| Topical term or geographic name entry element | Hardness. |
| Linkage | S12878.1 |
| 700 1# - ADDED ENTRY--PERSONAL NAME | |
| Personal name | Westbrook, J. H. (Jack Hall), 1924- |
| Fuller form of name | Westbrook, J. H. (Jack Hall), 1924- |
| Dates associated with a name | Westbrook, J. H. (Jack Hall), 1924- |
| Linkage | A17845.1 |
| 700 1# - ADDED ENTRY--PERSONAL NAME | |
| Personal name | Conrad, Hans, 1922- |
| Dates associated with a name | Conrad, Hans, 1922- |
| Linkage | A17846.1 |
| 710 2# - ADDED ENTRY--CORPORATE NAME | |
| Corporate name or jurisdiction name as entry element | American Society for Metals. |
| Linkage | A17372.1 |
| 949 ## - LOCAL PROCESSING INFORMATION (OCLC) | |
| a | TA418.42 |
| w | lcc |
| i | 33729001866164 |
| m | MAIN |
| p | 2500 |
| t | BOOK |
| l | ON-SHELF |
No items available.